000
00291nam a2200109Ia 4500
008
190216s9999||||xx |||||||||||||| ||und||
100
_a
Garg K C
245
0
_a
Maths Civil Services Examination Preliminary Screening Test
260
_b
Sudha Pubs Pvt Ltd
_c
1986
300
_a
178p
942
_c
REF
999
_c
35703
_d
35703